000 00533nam a22001937a 4500
003 OSt
005 20160823152715.0
008 160823b xxu||||| |||| 00| 0 eng d
020 _a0412590905
040 _cDNLM.
082 _aWE348M190 1997.
100 _aMcKone Do,W.Llewellyn;
_910770
245 _aOstepathic athletic Health care:
_bPrinciples and Practice.
260 _aLondon.
_bCharpman & Hall.
_c1997.
300 _axii,394p;
_bill.
_c25cm.
504 _aincludes index.
650 _aHealth care.
_912
942 _2z
_cO_SHELF
999 _c5085
_d5085